000 00497nam a2200193Ia 4500
008 220531s9999 xx 000 0 und d
020 _a978-93-82630-12-8
041 _aeng
082 _bSTY / KHA
100 _aKhairnar, Bharati
_981778
245 _aStylistic Analysis of Chinua Achebes Fictional works
250 _a1ST
260 _aJaipur
_bAadi
_c2013
300 _a182
542 _d27-03-2019
650 _aEnglish
_981779
906 _d2018-2019
_f16667
999 _c45133
_d45133